Tanečný dom, Bratislava

Salvato in:
Dettagli Bibliografici
Autore principale: Jurčíková, Michaela, 1989- (Autore)
Altri autori: Bátor, Jozef (Relatore della tesi)
Natura: Manoscritto Libro
Lingua:slovacco
Pubblicazione: Bratislava 2015
Soggetti:
Accesso online:http://is.stuba.sk/zp/portal_zp.pl?podrobnosti=112129
Tags: Aggiungi Tag
Nessun Tag, puoi essere il primo ad aggiungerne!!

MARC

LEADER 00000ntm a22000003a 4500
001 stuzp52512
003 SK-STU
005 20210308081358.3
007 ta
008 150427s2015----xo-----f-mn---000-0-slo-d
040 |a STU  |b slo 
041 0 |a slo 
100 1 |a Jurčíková, Michaela,  |d 1989-  |u 058180  |4 aut  |U FAD Fakulta architektúry a dizajnu  |U FAD Fakulta architektúry  |T FA Ústav architektúry občianskych budov  |X 68147  |U A8180  |Y 399  |7 A000068147 
242 0 1 |a Dance house  |y eng 
245 1 0 |a Tanečný dom, Bratislava 
260 |c 2015  |a Bratislava 
650 4 |a tanečný  |2 slo 
650 4 |a dom  |2 slo 
650 4 |a vinohrady  |2 slo 
650 4 |a dance  |2 eng 
650 4 |a house  |2 eng 
650 4 |a Vinohrady  |2 eng 
700 1 |a Bátor, Jozef  |4 ths  |X 4810  |7 A000004810 
856 4 |u http://is.stuba.sk/zp/portal_zp.pl?podrobnosti=112129  |u https://opac.crzp.sk/?fn=detailBiblioForm&sid=A7BD2F096A49022F25CD9537FE46 
SQL |a stuzp52512  |b DDP  |c SLO  |d Tanečný dom, Bratislava  |e 68147  |f Jurčíková, Michaela  |g 058180  |h 4810  |i Bátor, Jozef  |j 20150604  |k 153  |l 05  |m http://is.stuba.sk/zp/portal_zp.pl?podrobnosti=112129  |n I-ARCH  |o 5.1.1. architektúra a urbanizmus